Test Harry potter - Statistiques

Statistiques générales
  • Ce quiz a été pris 724 fois
  • Le résultat moyen est 7 sur 15
Statistiques - réponses
Description Réponse % Correct
Personnage principal 1 Harry Potter
100%
Personnage principal 3 Hermione Granger
98%
Personnage principal 2 Ron Weasley
97%
Directeur de Poudlard Albus Dumbledore
89%
Pr de potions Severus Rogue
79%
Pr de métamorphose Minerva Mcgonagall
75%
Gardien des clés Rubeus Hagrid
74%
Banque Gringotts
30%
Ennemi de Harry Voldemort
25%
Baguettes Ollivanders
15%
Livres Fleury et Botts
2%
Pr de vol Mme Bibine
2%
Pr de divination Mme Trelawney
1%
Pr de sortilèges Mr Flitwick
1%
Pr de botanique Pomora Chourave
1%
Aucun quiz correspondant
Distribution des résultats
% des personnes avec chaque résultat
Percentile par nombre de réponses
Votre historique - résultats
Vous n’avez pas pris ce quiz